000 00335nam a2200121Ia 4500
008 151015s9999 xx 000 0 und d
020 _a9.7815921287e+012
245 _aHubbard, Ron L
250 _a_Writes of th future L.Ron Hubbard
300 _aHollywood Galaxy press 2011
650 _a_Novel
700 _a^d20130213 02:38:23^oanne
999 _c3939
_d3939